000 00488nam a2200181Ia 4500
001 3609
005 20260306145656.0
008 260306t2000||||xx |||||||||||||| ||spa||
041 _aESP
082 _a300
_bA81
100 _aAPEC Economic Committee
_eAUT
245 0 _aBuilding the future of APEC economies:
_bmove forward on the new economy and entrepreneurship
260 _c2000
300 _a168 páginas :
_c28 cm.
650 _aGEN
654 _aCHU
942 _cLIB
_dJUS
_fJUS
_2ddc
_n
999 _c3609
_d3609